| 000 | 00600nam a2200157 4500 | ||
|---|---|---|---|
| 008 | 030228s1967 us eng | ||
| 090 |
_aBS1440 _bT21l |
||
| 100 | 1 | _aTaylor, Kenneth N. | |
| 245 | 1 | 0 |
_aLiving Psalms and Proverbs : _bthe the major prophets paraphrased / _cKenneth N. Taylor. |
| 260 |
_aWheaton : _bTyndale, _cc1967. |
||
| 300 | _a745 p. | ||
| 650 | 4 |
_aBible. O.T. Prophets _xParaphrases, English. |
|
| 650 | 4 |
_aBible. O.T. Proverbs _xParaphrases, English. |
|
| 650 | 4 |
_aBible. O.T. Psalms _xParaphrases, English. |
|
| 951 |
_p11649 _x00025862 _oBS1440/T21l-2 _j070613111215593 _d2000-12-21 _cGC |
||
| 999 |
_c14507 _d14507 |
||